[Event "Ruhrgebiet Verbandsklasse Gruppe 2 1617"]
[Site "Germany"]
[Date "2016.12.18"]
[Round "5.3"]
[White "Klukas, Achim"]
[Black "Weier, Daniel"]
[Result "1/2-1/2"]
[WhiteElo "2038"]
[BlackElo "1893"]
[PlyCount "80"]
[EventDate "2016.09.04"]
[EventType "team-tourn"]
[EventRounds "9"]
[EventCountry "GER"]
[SourceTitle "EXT 2022"]
[Source "ChessBase"]
[SourceDate "2021.10.06"]
[SourceVersion "1"]
[SourceVersionDate "2021.10.06"]
[SourceQuality "1"]
[WhiteTeam "Brackel SF II"]
[BlackTeam "Annen Sport Union"]
[WhiteTeamCountry "GER"]
[BlackTeamCountry "GER"]

1. c4 Nf6 2. g3 e6 3. Bg2 d5 4. Nf3 g6 5. 0-0 Bg7 6. d3 0-0 7. Qb3 c6 8. Bg5 Qb6 9. Nc3 Nbd7 10. Qc2 Re8 11. e4 dxe4 12. dxe4 Ng4 13. Rac1 Nde5 14. Nxe5 Nxe5 15. b3 Qa5 16. Bd2 Qd8 17. Rfd1 Qe7 18. Be3 Ng4 19. Qe2 Nxe3 20. Qxe3 e5 21. c5 Bg4 22. Rd6 Rad8 23. f3 Be6 24. Rcd1 Qc7 25. Na4 Bf8 26. R6d3 Rxd3 27. Rxd3 Rd8 28. Bf1 Be7 29. Qd2 Rxd3 30. Qxd3 Qa5 31. Qc2 Qe1 32. Kg2 Bh3+ 33. Kxh3 Qxf1+ 34. Qg2 Qc1 35. Qf2 Qd1 36. Kg2 Qd3 37. Nb2 Qb5 38. Na4 Qd3 39. Nb2 Qb5 40. Na4 Qd3 1/2-1/2

[Event "Ruhrgebiet Verbandsklasse Gruppe 2 1415"]
[Site "Germany"]
[Date "2015.04.26"]
[Round "9.2"]
[White "Hinkmann, Jens"]
[Black "Klukas, Achim"]
[Result "1/2-1/2"]
[WhiteElo "1984"]
[BlackElo "2022"]
[PlyCount "56"]
[EventDate "2014.09.21"]
[EventType "team-tourn"]
[EventRounds "9"]
[EventCountry "GER"]
[SourceTitle "EXT 2022"]
[Source "ChessBase"]
[SourceDate "2021.10.06"]
[SourceVersion "1"]
[SourceVersionDate "2021.10.06"]
[SourceQuality "1"]
[WhiteTeam "Bochum SC an der Uni"]
[BlackTeam "Brackel SF III"]
[WhiteTeamCountry "GER"]
[BlackTeamCountry "GER"]

1. e4 d5 2. exd5 Qxd5 3. Nc3 Qd6 4. d4 Nf6 5. Nf3 c6 6. Bc4 Bg4 7. Be3 e6 8. h3 Bh5 9. g4 Bg6 10. Ne5 Nbd7 11. Nxg6 hxg6 12. a3 Nb6 13. Bb3 0-0-0 14. Qf3 Qc7 15. 0-0-0 Rd7 16. Kb1 Bd6 17. Bg5 Be7 18. Rhe1 Qd8 19. Be3 Bd6 20. Bg5 Be7 21. Be3 Bd6 22. Bg5 Kb8 23. Ne4 Be7 24. Bf4+ Ka8 25. Ng5 Qf8 26. c3 Nfd5 27. Bc1 Nf6 28. Bf4 Nfd5 1/2-1/2

[Event "Ruhrgebiet Regionalliga 1213"]
[Site "Nordrheinwestfalen"]
[Date "2013.03.17"]
[Round "7.7"]
[White "Fluechter, Gregor"]
[Black "Klukas, Achim"]
[Result "1/2-1/2"]
[WhiteElo "1995"]
[BlackElo "1990"]
[PlyCount "60"]
[EventDate "2012.09.09"]
[EventType "team-tourn"]
[EventRounds "9"]
[EventCountry "GER"]
[SourceTitle "EXT 2020"]
[Source "ChessBase"]
[SourceDate "2019.10.17"]
[SourceVersion "1"]
[SourceVersionDate "2019.10.17"]
[SourceQuality "1"]
[WhiteTeam "Brackel SF"]
[BlackTeam "Koenigsspringer Hamm"]
[WhiteTeamCountry "GER"]
[BlackTeamCountry "GER"]

1. e4 d5 2. exd5 Qxd5 3. Nf3 Nf6 4. d4 Bg4 5. Be2 e6 6. 0-0 c6 7. h3 Bh5 8. Bf4 Be7 9. c4 Qa5 10. Nc3 Nbd7 11. a3 0-0 12. b4 Qb6 13. d5 cxd5 14. cxd5 exd5 15. Nxd5 Nxd5 16. Qxd5 Nf6 17. Qa2 Rad8 18. Be3 Qc7 19. Rac1 Qb8 20. Nd4 Bxe2 21. Nxe2 Nd5 22. Bc5 Rfe8 23. Bxe7 Rxe7 24. Rfd1 Rde8 25. Qxd5 Rxe2 26. g3 g6 27. Qd7 R2e7 28. Qd5 Re2 29. Qd7 R2e7 30. Qd5 Re2 1/2-1/2

[Event "Ruhrgebiet Verbandsliga1 1112"]
[Site "Nordrheinwestfalen"]
[Date "2012.04.22"]
[Round "9.6"]
[White "Praemassing, Rainer"]
[Black "Klukas, Achim"]
[Result "1/2-1/2"]
[WhiteElo "1866"]
[BlackElo "1964"]
[PlyCount "66"]
[EventDate "2012.09.18"]
[EventType "team-tourn"]
[EventRounds "9"]
[EventCountry "GER"]
[SourceTitle "EXT 2020"]
[Source "ChessBase"]
[SourceDate "2019.10.17"]
[SourceVersion "1"]
[SourceVersionDate "2019.10.17"]
[SourceQuality "1"]
[WhiteTeam "Essen Ueberruhr"]
[BlackTeam "Koenigsspringer Hamm"]
[WhiteTeamCountry "GER"]
[BlackTeamCountry "GER"]

1. e4 d5 2. exd5 Qxd5 3. Nc3 Qd6 4. d4 Nf6 5. Nf3 c6 6. g3 Bf5 7. Bg2 e6 8. 0-0 Be7 9. Bf4 Qb4 10. Nh4 Bg4 11. Qd2 0-0 12. a3 Qb6 13. Na4 Qd8 14. h3 Bh5 15. g4 Nd5 16. gxh5 Nxf4 17. Qxf4 Bxh4 18. Nc5 b6 19. Nd3 Bf6 20. Ne5 Qc7 21. h6 Nd7 22. hxg7 Bxg7 23. Rfe1 Nxe5 24. dxe5 f5 25. Qc4 Kf7 26. Rad1 Rfd8 27. f4 Rac8 28. Bf3 Bh6 29. Rd4 Rxd4 30. Qxd4 Rd8 31. Qf2 Qe7 32. Bxc6 Qc5 33. Qxc5 bxc5 1/2-1/2

[Event "Ruhrgebiet Verbandsliga1 1112"]
[Site "Nordrheinwestfalen"]
[Date "2012.03.25"]
[Round "8.6"]
[White "Klukas, Achim"]
[Black "Schmidt, Ralph"]
[Result "1/2-1/2"]
[WhiteElo "1964"]
[BlackElo "1945"]
[PlyCount "52"]
[EventDate "2012.09.18"]
[EventType "team-tourn"]
[EventRounds "9"]
[EventCountry "GER"]
[SourceTitle "EXT 2020"]
[Source "ChessBase"]
[SourceDate "2019.10.17"]
[SourceVersion "1"]
[SourceVersionDate "2019.10.17"]
[SourceQuality "1"]
[WhiteTeam "Koenigsspringer Hamm"]
[BlackTeam "Bochum-Linden-Dahlhausen"]
[WhiteTeamCountry "GER"]
[BlackTeamCountry "GER"]

1. c4 g6 2. Nc3 Bg7 3. g3 e6 4. Bg2 Ne7 5. d3 d5 6. cxd5 Nxd5 7. Bd2 Nc6 8. Qb3 Nce7 9. Nf3 c6 10. 0-0 Qb6 11. Qxb6 axb6 12. e4 Nb4 13. Nb5 cxb5 14. Bxb4 Bxb2 15. Rab1 Bg7 16. Bxe7 Kxe7 17. Rxb5 Rd8 18. Rxb6 Rxd3 19. Rc1 Rc3 20. Rxc3 Bxc3 21. Rb3 Bg7 22. a3 Kd8 23. Nd2 Bf8 24. Nc4 Kc7 25. e5 Ra7 26. Rc3 Bd7 1/2-1/2

[Event "Ruhrgebiet Verbandsliga1 1112"]
[Site "Nordrheinwestfalen"]
[Date "2011.11.13"]
[Round "3.6"]
[White "Klukas, Achim"]
[Black "Mueller, Falk"]
[Result "1-0"]
[WhiteElo "1964"]
[BlackElo "1990"]
[PlyCount "95"]
[EventDate "2012.09.18"]
[EventType "team-tourn"]
[EventRounds "9"]
[EventCountry "GER"]
[SourceTitle "EXT 2020"]
[Source "ChessBase"]
[SourceDate "2019.10.17"]
[SourceVersion "1"]
[SourceVersionDate "2019.10.17"]
[SourceQuality "1"]
[WhiteTeam "Koenigsspringer Hamm"]
[BlackTeam "Gerthe Werne"]
[WhiteTeamCountry "GER"]
[BlackTeamCountry "GER"]

1. c4 e5 2. Nc3 f5 3. g3 Nf6 4. Bg2 Nc6 5. d3 Be7 6. Nf3 0-0 7. 0-0 d6 8. a3 Bd7 9. Nd5 Nxd5 10. cxd5 Nb8 11. Qb3 Bc8 12. Nxe5 Kh8 13. Nf3 Nd7 14. Bd2 a5 15. Rac1 Nc5 16. Qc4 a4 17. Be3 Bd7 18. Bxc5 b5 19. Qc2 dxc5 20. Ne5 Bd6 21. f4 Qe7 22. Nxd7 Qxd7 23. e4 fxe4 24. dxe4 c4 25. Kh1 Rab8 26. e5 Bc5 27. Rce1 Rbe8 28. Re2 Qe7 29. Qc3 g6 30. Rfe1 Qg7 31. Bh3 Re7 32. Qa5 Rb8 33. Qd2 b4 34. Qc2 bxa3 35. bxa3 Bxa3 36. Qxa4 Bb4 37. Rb1 c5 38. dxc6 Ra7 39. Qc2 Qc7 40. Qxc4 Bf8 41. Rxb8 Qxb8 42. Rc2 Ra1+ 43. Rc1 Qb2 44. Rxa1 Qxa1+ 45. Bf1 Bc5 46. c7 Qa8+ 47. Bg2 Qf8 48. Bb7 1-0

[Event "Ruhrgebiet Regionalliga 1011"]
[Site "Nordrheinwestfalen"]
[Date "2010.12.12"]
[Round "4.6"]
[White "Matzat, Andre"]
[Black "Klukas, Achim"]
[Result "1/2-1/2"]
[WhiteElo "2073"]
[BlackElo "1956"]
[PlyCount "64"]
[EventDate "2010.09.19"]
[EventType "team-tourn"]
[EventRounds "9"]
[EventCountry "GER"]
[SourceTitle "EXT 2020"]
[Source "ChessBase"]
[SourceDate "2019.10.17"]
[SourceVersion "1"]
[SourceVersionDate "2019.10.17"]
[SourceQuality "1"]
[WhiteTeam "Weisse Dame Borbeck"]
[BlackTeam "Koenigsspringer Hamm"]
[WhiteTeamCountry "GER"]
[BlackTeamCountry "GER"]

1. Nf3 d5 2. d4 Nf6 3. c4 c6 4. e3 a6 5. Bd3 Bg4 6. Qb3 Ra7 7. Nc3 e6 8. Ne5 Nbd7 9. Nxg4 Nxg4 10. e4 dxe4 11. Nxe4 Ndf6 12. Nxf6+ Nxf6 13. 0-0 b5 14. Be3 Rd7 15. cxb5 cxb5 16. a4 bxa4 17. Rxa4 Bd6 18. Rxa6 0-0 19. h3 Bb8 20. Rc1 Ba7 21. Bb5 Rb7 22. Qa4 Bb8 23. b3 Nd5 24. Bc6 Re7 25. Bxd5 Qxd5 26. Qc4 Qe4 27. Rc6 Ree8 28. b4 f5 29. Qc2 Qh4 30. Qc4 Qe4 31. Qc2 Qh4 32. Qc4 Qe4 1/2-1/2

[Event "Ruhrgebiet Regionalliga 0910"]
[Site "Germany"]
[Date "2009.12.13"]
[Round "4.7"]
[White "Klukas, Achim"]
[Black "Fink, Norbert"]
[Result "1-0"]
[WhiteElo "2028"]
[BlackElo "2120"]
[PlyCount "109"]
[EventDate "2009.09.06"]
[EventType "team-tourn"]
[EventRounds "9"]
[EventCountry "GER"]
[SourceTitle "EXT 2011"]
[Source "ChessBase"]
[SourceDate "2010.11.26"]
[SourceVersion "1"]
[SourceVersionDate "2010.11.26"]
[SourceQuality "1"]
[WhiteTeam "Hamm Koenigsspringer"]
[BlackTeam "Essen Ueberruhr"]
[WhiteTeamCountry "GER"]
[BlackTeamCountry "GER"]

1. c4 Nf6 2. Nc3 d5 3. cxd5 Nxd5 4. Nf3 g6 5. g3 Bg7 6. Bg2 0-0 7. 0-0 c6 8. Qb3 Na6 9. d4 Nb6 10. a3 Be6 11. Qc2 Qc8 12. Rd1 Rd8 13. e4 Bg4 14. Ne2 h6 15. Be3 Nd7 16. h3 Bxf3 17. Bxf3 e5 18. d5 cxd5 19. Qxc8 Raxc8 20. Rxd5 Nb6 21. Rb5 Rc6 22. Nc3 Nc7 23. Rb3 Nc4 24. Rxb7 Nxe3 25. fxe3 Bf8 26. Rd1 Rxd1+ 27. Nxd1 Rc2 28. Rxa7 Ne6 29. h4 Nc5 30. Rc7 Rd2 31. b4 Nd3 32. Kf1 Ra2 33. Rc3 Nxb4 34. axb4 Bxb4 35. Rb3 Be7 36. Rb2 Ra1 37. Kf2 Kg7 38. Nc3 Ra7 39. Nd5 Bd6 40. Be2 Bf8 41. Rc2 Bd6 42. Rc6 Bb8 43. Rb6 Ra8 44. g4 Kf8 45. Kf3 Kg7 46. Bb5 Ba7 47. Rc6 Rb8 48. Bc4 Rb7 49. Ba6 Rd7 50. g5 Bb8 51. Nf6 Rd8 52. Bc4 hxg5 53. hxg5 Kf8 54. Rb6 Bd6 55. Rb7 1-0

[Event "Ruhrgebiet VL1 0405"]
[Site "Ruhrgebiet"]
[Date "2005.02.20"]
[Round "7.7"]
[White "Klukas, Achim"]
[Black "Heimlich, Oliver"]
[Result "1-0"]
[WhiteElo "1809"]
[BlackElo "1795"]
[PlyCount "93"]
[EventDate "2004.09.12"]
[EventType "team"]
[EventRounds "9"]
[EventCountry "GER"]
[SourceTitle "EXT 2006"]
[Source "ChessBase"]
[SourceDate "2005.11.24"]
[SourceVersion "1"]
[SourceVersionDate "2005.11.24"]
[SourceQuality "1"]
[WhiteTeam "Hamm 45/58"]
[BlackTeam "Dortmund Kleiner Koenig"]
[WhiteTeamCountry "GER"]
[BlackTeamCountry "GER"]

1. c4 d6 2. d4 g6 3. g3 Bg7 4. Bg2 c6 5. Nc3 Nf6 6. e4 0-0 7. Nge2 e5 8. 0-0 Nbd7 9. b3 Re8 10. Ba3 exd4 11. Nxd4 Qa5 12. Bb2 Nc5 13. Re1 Bg4 14. Qc2 Rad8 15. h3 Bc8 16. Rad1 Ne6 17. Nf3 Nh5 18. Kh2 Ng5 19. Nxg5 Qxg5 20. Qd2 Qe7 21. Ne2 Bxb2 22. Qxb2 Qe5 23. Qd2 Qf6 24. Qd4 Qxd4 25. Rxd4 f5 26. exf5 gxf5 27. Bf3 Nf6 28. Red1 Ne4 29. Kg2 Kf8 30. Nf4 Nc3 31. R1d2 Ke7 32. R4d3 Ne4 33. Bxe4 fxe4 34. Rd4 Bf5 35. g4 Rg8 36. Kf1 c5 37. Rd5 Bg6 38. Re2 Rgf8 39. Nxg6+ hxg6 40. Rxe4+ Kd7 41. f4 Rde8 42. Rxe8 Rxf4+ 43. Ke2 Kxe8 44. Rxd6 Ke7 45. Rxg6 Kf7 46. Rg5 Re4+ 47. Kf3 1-0

[Event "Ruhrgebiet VK2 0001"]
[Site "Ruhrgebiet"]
[Date "2000.09.17"]
[Round "1"]
[White "Michalicek, Roland"]
[Black "Klukas, Achim"]
[Result "1-0"]
[WhiteElo "1635"]
[BlackElo "1798"]
[PlyCount "69"]
[EventDate "2000.09.17"]
[EventType "team-tourn"]
[EventRounds "9"]
[EventCountry "GER"]
[SourceTitle "EXT 2023"]
[Source "ChessBase"]
[SourceDate "2022.10.05"]
[SourceVersion "1"]
[SourceVersionDate "2022.10.05"]
[SourceQuality "1"]
[WhiteTeam "Haltern"]
[BlackTeam "Hamm Koenigsspringer"]
[WhiteTeamCountry "GER"]
[BlackTeamCountry "GER"]

1. e4 d6 2. d4 Nf6 3. Bd3 g6 4. Nf3 Bg7 5. 0-0 0-0 6. c3 Nbd7 7. Re1 e5 8. Bg5 Qe7 9. Nbd2 Nb6 10. a4 a5 11. Qc2 c6 12. Qb3 Qc7 13. dxe5 dxe5 14. Nxe5 Qxe5 15. Bxf6 Bxf6 16. Qxb6 Qd6 17. Re3 Bg5 18. Nc4 Bxe3 19. Qxe3 Qc7 20. Nb6 Rb8 21. b4 axb4 22. cxb4 Be6 23. h4 Rfd8 24. Be2 Qe7 25. h5 Qxb4 26. hxg6 hxg6 27. a5 Qd4 28. Qa3 Qxe4 29. Bf3 Qd3 30. Qe7 Qc3 31. Ra4 Kg7 32. Re4 Qc1+ 33. Kh2 Rh8+ 34. Kg3 Qg5+ 35. Qxg5 1-0